| 000 | 00795cam a2200265 a 4500 | ||
|---|---|---|---|
| 001 | 000020128 | ||
| 005 | 20200929170258.0 | ||
| 008 | 860115s1967 sp 001 p spa d | ||
| 040 |
_aDO-SdBNP _cTxBeaL _dDLC _dBNPHU |
||
| 082 |
_a861.5 _bC198d, 1967 |
||
| 100 | 1 |
_aCampoamor, Ramón de, _d1817-1901 _99880 |
|
| 245 | 1 | 0 |
_aDoloras / _cRamón de Campoamor. |
| 250 | _a5a ed. | ||
| 260 |
_aMadrid : _bEspasa-Calpe, _c1967. |
||
| 300 |
_a159 p. ; _c18 cm. |
||
| 490 | 1 |
_aAustral. Violeta : teatro y poesía _v238 |
|
| 500 | _aIncluye índice de autores. | ||
| 650 | 4 |
_aPoesía española _9631 |
|
| 650 | 4 |
_aLiteratura española _9632 |
|
| 740 | 3 | _aCantares | |
| 740 | 4 | _aLos pequeños poemas | |
| 830 | 0 |
_aAustral. _pVioletal: teatro y poesía; _v238 _942730 |
|
| 910 | _aWM | ||
| 049 | _aBNGR | ||
| 999 |
_c19636 _d19636 |
||